| 000 | 006630000a22001810004500 | ||
|---|---|---|---|
| 003 | LK-CoMWRAF | ||
| 008 | 230817t2009 ||||| |||| 00| 0 eng d | ||
| 040 |
_aLK-CoMWRAF _dLK-CoMWRAF _eLK-CoMWRAF |
||
| 041 | _aeng | ||
| 082 |
_a305.42 _bWOM |
||
| 111 |
_aWomen in India: Reflecting on Our History and Shaping Our Future : Proceedings of a Consultation on Gender and Development Jointly Organised by CWDS and HIVOS, _cBangalore _d24-26 June 1993 |
||
| 245 |
_aWomen in India: _breflecting on our history shaping our future |
||
| 260 |
_aBangalore: _bCWDS/HIVOS, _c1993 |
||
| 300 | _a89 p. | ||
| 650 | _aWOMEN-India | ||
| 700 | _aRamakrishna, Jamuna | ||
| 942 | _cCP | ||
| 999 |
_c2461 _d2461 |
||